Trick Questions #2 - Statistics

General Stats
  • This quiz has been taken 1,055 times
    797 since last reset
  • The average score is 8 of 15
Answer Stats
Hint Answer % Correct
What has a head and a tail, but not a body? A coin
90%
What occurs once in a minute, twice in a moment, and never in one thousand years? The letter m
88%
There are 8 men on a couch, three of the couch legs break and six men leave. How many legs are remaining? Five
77%
I'm light as a feather, but not even the strongest person on Earth can hold me for more than 5 minutes. What am I? A breath
74%
I am an odd number, take away one letter and I'm even. What am I? Seven
73%
You are driving a bus. When you begin your route, there is an old woman named Mrs. Smith and a young boy named Raymond are on the bus. At the first stop, the old woman leaves, and a salesman, named Ed, enters. At the next stop, Jack and his sister Jill get on, as well as three women with shopping bags. The bus travels fifteen minutes, then stops and Raymond gets off and a man and his wife get on. Next, a woman with a bird in a cage gets on the bus. What is the name of the bus driver? You
71%
What belongs to you but gets used by everyone else more than you? Your name
64%
If a monkey, a squirrel, and a bird are racing to the top of a coconut tree, who will get the banana first? None of them
58%
What gets sharper the more you use it? Your brain
55%
If two's a company and three's a crowd, what do four and five make? Nine
54%
I'm so fragile that if you say my name, you'll break me. What am I? Silence | Quiet
51%
What's full of holes but can still hold a liquid? A sponge
50%
What can you hold without touching at all? A conversation | A grudge
14%
What two words, when combined, hold the most letters? Post office
13%
What can you make that no one, not even you, can see? Noise
10%
No matching quizzes found
Score Distribution
Percent of People with Each Score
Percentile by Number Answered
Your Score History
You have not taken this quiz since the last reset